| 000 | 00895nam a22003257a 4500 | ||
|---|---|---|---|
| 001 | 0025475 | ||
| 003 | KOHA_MİRAKIL | ||
| 005 | 20260207002504.0 | ||
| 007 | ta | ||
| 008 | 101112b2009 tu |||gr||||#||||0|tur | | ||
| 020 |
_a9786055804596 _c11,26 |
||
| 040 |
_aTR-BiSEU _btur _cTR-BiSEU _erda |
||
| 041 | 0 | _atur | |
| 044 | _ctu | ||
| 050 |
_aTA775 _b.O28 2009 |
||
| 100 | 1 | _aOrhan, Mehmet. | |
| 245 | 1 |
_aTemel inşaat/ _cMehmet Orhan ; Mehmet Orhan. |
|
| 264 | 1 |
_aAnkara : _bGazi Kitabevi _c2009 |
|
| 300 | _a201 sayfa; 24 cm. | ||
| 336 |
_ametin _btxt _2rdacontent |
||
| 337 |
_aaracısız _bn _2rdamedia |
||
| 338 |
_acilt _bnc _2rdacarrier |
||
| 500 | _aKaynakça var. | ||
| 650 | 0 |
_aTemeller. _91544 |
|
| 650 | 0 |
_aFoundations. _91545 |
|
| 650 | 0 |
_aZemin mekaniği. _91546 |
|
| 650 | 0 |
_aSoil Mechanics. _91547 |
|
| 650 | 0 |
_aİnşaat mühendisliği. _91480 |
|
| 942 |
_2lcc _cBK |
||
| 999 |
_c25423 _d25423 |
||